| 000 | 04400nam a2200301 i 4500 | ||
|---|---|---|---|
| 003 | vecauma | ||
| 005 | 20251021152934.0 | ||
| 007 | ta | ||
| 008 | 251017s1999 ag |||||r|||| 00| 0 spa d | ||
| 020 | _a9500715694 | ||
| 040 |
_avecauma _bspa _cvecauma _dvecauma _erda |
||
| 041 | 1 |
_aspa _heng |
|
| 099 |
_aN5300 _bG6 _c1999 |
||
| 100 | 1 |
_aGombrich, E. H. _q(Ernst Hans), _d1909-2001 _eautor _99348 |
|
| 245 | 1 | 3 |
_aLa historia del arte _c/ E.H. Gombrich |
| 264 | 1 |
_aBuenos Aires, Argentina : _bSudamericana, _c1999. |
|
| 300 | 1 | _a688 páginas. | |
| 336 |
_atexto _btxt _2rdacontenido |
||
| 337 |
_ano mediado _bn _2rdamedio |
||
| 338 |
_avolumen _bnc _2rdasoporte |
||
| 504 | _aIncluye referencias bibliográficas e índice. | ||
| 505 | 0 | _aIntroducción : el arte y los artistas. -- Extraños comienzos : pueblos prehistóricos y primitivos; América antigua. -- Arte para la eternidad : Egipto, Mesopotamia, Creta. -- El gran despertar : Grecia, del siglo VII al V a.C. -- El reino de la belleza : Grecia y el mundo griego, del siglo IV a.C. al I. -- Conquistadores del mundo : romanos, budistas, judíos y cristianos, del siglo I al IV. -- Una división de caminos : Roma y Bizancio, del siglo V al XIII. -- Mirando a Oriente : Islam, China, del siglo II al XIII. -- El arte occidental en El crisol : Europa, del siglo VI al XI. -- La iglesia militante : el siglo XII. -- La iglesia triunfante : el siglo XIII. -- Cortesanos y burgueses : el siglo XIV. -- La conquista de la realidad : primera mitad del siglo XV. -- Tradición e innovación, I : segunda mitad del siglo XV en Italia. -- Tradición e innovación, II : el siglo XV en el norte. -- La consecución de la armonía : Toscana y Roma, primera mitad del siglo XVI. -- Luz y color : Venecia y la Italia septentrional, primera mitad del siglo XVI. -- El curso del nuevo aprendizaje : Alemania y Países Bajos, primera mitad del siglo XVI. -- Una crisis en el arte : Europa, segunda mitad del siglo XVI. -- Visión y visiones : la Europa católica, primera mitad del siglo XVII. -- El espejo de la naturaleza : Holanda, siglo XVII. -- El poder y la gloria, I : Italia, segunda mitad del siglo XVII y siglo XVIII. -- El poder y la gloria, II : Francia, Alemania y Austria, final del siglo XVII y primera mitad del XVIII. -- La edad de la razón : Inglaterra y Francia, siglo XVIII. -- La ruptura de la tradición : Inglaterra, América y Francia, final del siglo XVIII y primera mitad del XIX. -- Revolución permanente : el siglo XIX. -- En busca de nuevas concepciones : final del siglo XIX. -- Arte experimental : primera mitad del siglo XX. -- Una historia sin fin : el triunfo las vanguardias ; otro cambio de marea ; el pasado cambiante. -- Nota sobre libros de arte. -- Tablas cronológicas. -- Mapas. -- Directorio de museos y galerías de ilustraciones. | |
| 520 | 3 | _aÉste es uno de los libros sobre arte más famosos y populares del mundo. Desde que se publicó -hace 45 años- no tiene rival como introducción a todos los aspectos del arte, desde las más antiguas pinturas en las cavernas hasta el arte experimental de nuestros días. Lectores de todas las edades y especializaciones consideran al profesor Gombrich como un verdadero maestro, que sabe combinar conocimiento y sabiduría con una habilidad única para comunicar directamente su propio y profundo amor hacia las obras de arte que describe. La popularidad permanente de La historia del arte radica en la simplicidad de su lenguaje y en la capacidad del autor para presentar una narración clara y directa. Gombrich busca "dar algún orden inteligible a la cantidad de nombres, períodos y estilos que pueblan las páginas de trabajos más ambiciosos" y, utilizando su comprensión de la psicología de las artes visuales, nos hace ver la historia del arte como "un entrelazamiento y una alteración constantes de las tradiciones según las que cada obra se refiere al pasado y señala el futuro", "una cadena viva que todavía une a nuestros tiempos con la época de las pirámides". En su nuevo formato, la edición de este clásico seguirá conquistando a las generaciones futuras y siendo la primera elección de todos aquellos que quieran entrar en contacto con el fascinante mundo del arte. | |
| 534 |
_pTítulo original: _tThe story of art. |
||
| 650 | 1 | 0 |
_99347 _aARTE _xHISTORIA |
| 942 | 1 |
_2lcc _n0 _cBK |
|
| 999 |
_c12529 _d12529 |
||